Economic decision models for engineers and managers (Record no. 548359)

000 -LEADER
fixed length control field 00543cam a22001571 4500
082 00 - DEWEY DECIMAL CLASSIFICATION NUMBER
Classification number 658.1502462
Author Mark RIG
-- L-27, P-81
100 1# - MAIN ENTRY--PERSONAL NAME
Personal name Riggs, James L.
9 (RLIN) 44614
245 10 - TITLE STATEMENT
Title Economic decision models for engineers and managers
Statement of responsibility, etc. [by] James L. Riggs.
260 ## - PUBLICATION, DISTRIBUTION, ETC.
Place of publication, distribution, etc. New York,
Name of publisher, distributor, etc. McGraw-Hill
Date of publication, distribution, etc. [1968]
300 ## - PHYSICAL DESCRIPTION
Extent 401 p.
Other physical details illus.
Dimensions 24 cm.
526 ## - STUDY PROGRAM INFORMATION NOTE
Program name 0
Interest level 0
Reading level 0
Title point value 658_150246200000000_RIG
650 #0 - SUBJECT ADDED ENTRY--TOPICAL TERM
Topical term or geographic name entry element Decision making
General subdivision Mathematical models.
9 (RLIN) 44615
650 #0 - SUBJECT ADDED ENTRY--TOPICAL TERM
Topical term or geographic name entry element Industrial management
General subdivision Mathematical models.
9 (RLIN) 36471
650 #0 - SUBJECT ADDED ENTRY--TOPICAL TERM
Topical term or geographic name entry element MCE
9 (RLIN) 379
942 ## - ADDED ENTRY ELEMENTS (KOHA)
Source of classification or shelving scheme
Koha item type Book
Holdings
Withdrawn status Lost status Source of classification or shelving scheme Damaged status Not for loan Permanent Location Current Location Date acquired Total Checkouts Full call number Barcode Date last seen Price effective from Koha item type
          Military College of Engineering (MCE) Military College of Engineering (MCE) 08/27/2014   658.1502462 RIG MCE-3655 08/27/2014 08/27/2014 Book
© 2023 Central Library, National University of Sciences and Technology. All Rights Reserved.